00970cam a2200265 a 45000010009000000050017000090080041000260100017000670200022000840200025001060400013001310420008001440500022001520820014001741000017001882450065002052500012002702600031002823000042003134900043003555000020003985050238004186500020006567000028006761717898620220128102623.0120223s2013 maua 001 0 eng  a 2011292776 a0132830884 (pbk.) a9780132830881 (pbk.) aDLCcDLC apcc00aHB172b.B233 201300a338.52221 aBade, Robin.10aFoundations of microeconomics /cRobin Bade, Michael Parkin. a6th ed. aBoston :bPearson,cc2013. axxxvii, 532 p. :bcol. ill. ;c28 cm.0 aThe Addison-Wesley series in economics aIncludes index. aContents: Introduction -- A closer look at markets -- How governments influence the economy -- Market failure and public policy - A closer look at decision makers -- Prices, profits and industry performance -- Incomes and inequality. 0aMicroeconomics.1 aParkin, Michael,d1939-